000
00291nam a2200121Ia 4500
999
_c
9143
_d
9143
020
_a
0-07-114849-3
082
_a
658.3005
100
_a
William B. Werther
245
0
_a
Human Resources and Personnel Management
260
_a
New Delhi
_b
Bantam Books Inc
_c
1994
300
_a
782
942
_c
BK